000 00803nam a2200253 i 4500
001 bg
100 1 _aMIKIELEWICZ, Dariusz
245 1 0 _aModelowanie wymiany pędu i ciepła w dwufazowym przepływie pęcherzykowym /
_cDariusz Mikielewicz.
260 _aGdańsk :
_bWydaw. Politechniki Gdańskiej,
_c2002.
300 _a106, [1] s. :
_bil. ;
_c24 cm.
490 1 _aMonografie / Politechnika Gdańska ;
_v29
500 _aStreszcz. pol. i ang.
504 _aBibliogr.
650 9 _aPrzepływ
_xbadanie
650 9 _aTermodynamika techniczna
_xteoria
830 0 _aMonografie (Politechnika Gdańska) ;
_v29
020 _a8373480080
040 _cBPK
041 0 _apl
_ben
080 _a532:536.7:621.1.01
920 _a83-7348-008-0
942 _cKS
008 s pl f |000 0 pol
999 _c42072
_d42072
856 _uhttp://koha.tu.koszalin.pl/cgi-bin/koha/opac-detail.pl?biblionumber=42072
_yKatalog online BPK